LDR 01450nam a2200325 i 4500 001 000000039021 003 CaOOAMICUS 005 20251009142521.0 008 031001s1992 fr u000 u fre u 020 $a2-204-04676-0 040 $aSeMil$bita 041 1 $afre$agrc 100 0 $aIoannes : Damascenus,$c
.$0(OLS)http://semarc/name/5743 240 10$aDe haeresibus.$0(OLS)http://semarc/title/456058 245 10$aÉcrits sur l'Islam /$cJean Damascène ; présentation, commentaires et traduction par Raymond Le Coz. 260 $aParis :$bLes Éditions du Cerf,$c1992. 300 $a272 p. ;$c20 cm. 490 0 $aSources Chrétiennes ;$v383 500 $aTesto greco a fronte 505 0 $aContiene il capitolo 100 del "De haeresibus" e la "Disputa tra un saraceno e un cristiano" 650 4$aGiovanni : Damasceno
- Islam.$0(OLS)http://semarc/subject/58674 700 1 $aLe Coz, Raymond.$0(OLS)http://semarc/name/18824 830 0$aSources chrétiennes ;$v383.$0(OLS)http://semarc/title/72 850 $aSeMil 852 $aSeMil$W1$xVenegono$y1$mSL1.T VII 383$j5176$B5176$CSeMilBibl$Z2$F5176 $8I 961 $aSottoscrizione: Cerf (Éditions) 996 $6020$a2-204-04676-0$9(OLS)http://semarc/number/8544 996 $6245$aÉcrits sur l'Islam$9(OLS)http://semarc/title/55346 996 $6260$aParis :$bLes Éditions du Cerf$9(OLS)http://semarc/publisher/29611